000 01063nam a22003257a 4500
003 CHAP
005 20220329141034.0
008 971013s1992 mx r 00010 spa d
010 _a61692
011 _a62664
035 _a66839
040 _cCHAP
082 0 4 _a664
_bA58
100 0 0 _aAlvarez de la Cuadra Jacobs, Jaime
_ecoord.
_94898
245 1 _aBiotecnología hoy
260 _aMéxico, D.F. :
_bConsejo Nacional de Ciencia y Tecnología,
_c1992
300 _a172 p.
490 _aMéxico en la ciencia y la tecnología
590 _aBATCH-UPD
_b10
_c20130110
_lUCH01
_h0738
590 _aBATCH-UPD
_b10
_c20130410
_lUCH01
_h0420
590 _aBATCH-UPD
_b10
_c20130914
_lUCH01
_h0640
590 _aCONVERSION
_b10
_c20130109
_lUCH01
_h1333
650 1 4 _aBiotecnología animal.
_912891
650 1 4 _aBiotecnología vegetal.
_912892
650 1 4 _aBiotecnología.
_912878
830 0 _aMéxico en la ciencia y la tecnología
_976855
901 _aBK
942 _cLIBRO
949 _a664 A58
_bBC
_cLIBRO
_d33724000628608
_eLIBRO
_gI.c/e
_h91365
_i66839
_si
_t50.00
999 _c61692
_d61692